Municipios de Querétaro - Estadísticas

Estadísticas generales
  • Esta prueba ha sido intentada 48 veces
  • La puntuación promedio es 15 de 18
Estadísticas de respuestas
% Correcto
6 Corregidora
100%
14 Querétaro
100%
16 San Juan del Río
100%
17 Tequisquiapan
100%
1 Amealco de Bonfil
88%
4 Cadereyta de Montes
88%
9 Jalpan de Serra
88%
5 Colón
82%
3 Arroyo Seco
76%
11 El Marqués
76%
7 Ezequiel Montes
76%
8 Huimilpan
76%
15 San Joaquín
76%
13 Peñamiller
71%
2 Pinal de Amoles
71%
18 Tolimán
71%
10 Landa de Matamoros
65%
12 Pedro Escobedo
65%
No se encontraron pruebas coincidentes
Distribución de puntuación
Porcentaje de gente con cada puntuación
Porcentaje por número respondido
Historial de tus puntuaciones
No has intentado esta prueba.